'D' in Europe Quiz Stats

Quiz Updated Feb 9, 2016

Also try: 'C' in Europe
Challenge
Share
Tweet
Embed
Score 0/16 Timer 05:00
5 Plays Today
Hint Answer % Correct
Greenland is a dependent territory of which country?Denmark
99.4%
Which Irish capital is divided by the Liffey, Tolka, and Dodder Rivers?Dublin
89.7%
Vienna, Bratislava, and Budapest all lie on which river?Danube
88.2%
Which French city, located in the Burgundy region, lends its name to a famous type of mustard?Dijon
87.4%
Which capital city of Saxony, Germany was devastated by Allied attacks in February 1945?Dresden
70.5%
Which town near Munich was the site of Germany's first Nazi concentration camp?Dachau
53.4%
Which city, located on the Rhine, is the capital of the German state of North Rhine-Westphalia?Düsseldorf
53.1%
Which French commune did British forces evacuate from in May 1940?Dunkirk
51.9%
Hint Answer % Correct
Which Scottish city is home to Abertay University and was the UK's first UNESCO City of Design?Dundee
49.1%
Which Croatian city, located on the Adriatic Sea, was formerly the capital of the Republic of Ragusa?Dubrovnik
43.6%
Which county in North East England is known for its eponymous cathedral, castle, and university?Durham
37.9%
Which English city is home to Darley Park, Lombe's Mill, and the Royal School for the Deaf?Derby
32.9%
Which strait in northwestern Turkey connects the Aegean Sea to the Sea of Marmara?Dardanelles
32.4%
Which Russian river rises in Novomoskovsk and empties into the Sea of Azov?Don
32.1%
Which river, the fourth longest in Europe, runs through Russia, Belarus, and Ukraine?Dnieper
26.3%
Which Swedish lake system, formed by an impact crater, lends its name to the unique type of rock found in the area?Dellen
2.7%

You're not logged in!

Compare scores with friends on all Sporcle quizzes.
Sign Up with Email
OR
Log In

You Might Also Like...

Show Comments

Extras

Top Quizzes Today


Score Distribution

Your Account Isn't Verified!

In order to create a playlist on Sporcle, you need to verify the email address you used during registration. Go to your Sporcle Settings to finish the process.